Voices of history : speeches that changed the world

Bibliographic Details
Main Author: Montefiore, Simon Sebag
Format: Book
Published: London : Weidenfeld & Nicolson , 2019
Subjects:

MARC

LEADER 00000cam a2200000 7i4500
001 0000278984
005 20210309142547.0
020 |a 9781474609920 
090 0 0 |a 808.85935   |b MON 
100 1 |a Montefiore, Simon Sebag 
245 1 0 |a Voices of history :   |b speeches that changed the world   |c Simon Sebag Montefiore 
260 |a London :   |b Weidenfeld & Nicolson ,   |c 2019 
300 |a 259p. ;   |c 22cm. 
650 0 |a Speeches, addresses, etc. 
999 |a 00385975   |b BUKU   |c PINJAMAN   |e PERPUSTAKAAN KOMUNITI CAW BANDAR UTAMA